| 000 | 01291cam a22003251i 4500 | ||
|---|---|---|---|
| 003 | SA-RiAUC | ||
| 005 | 20241104123014.0 | ||
| 008 | 241104s2008 le g b 000 0 ara c | ||
| 020 | _a9953323380 | ||
| 020 | _a9953323380 | ||
| 040 |
_aSA-RiIMS _bara _cSA-RiAUC _erda |
||
| 050 | 4 | _b.I26 2008 | |
| 082 | 0 | 4 | _a216.3 |
| 090 |
_a216.3 _b ا ب ن و |
||
| 100 | 1 |
_aابن الوزير، محمد بن إبراهيم بن علي، _d775-840 هجري _eمؤلف. |
|
| 245 | 1 | 2 |
_aالعواصم والقواصم في الذب عن سنة أبي القاسم / _cمحمد بن إبراهيم الوزير اليماني ؛ تحقيق شعيب الأرنؤوط . |
| 250 | _aالطبعة الأولى. | ||
| 264 | 1 |
_aبيروت : _bمؤسسة الرسالة، _c2008 |
|
| 300 |
_a3 مجلد ؛ _c24 سم |
||
| 336 |
_aنص _btxt _2rdacontent _3كتاب |
||
| 337 |
_aبدون وسيط _bn _2rdamedia |
||
| 338 |
_aمجلد _bnc _2rdacarrier |
||
| 504 | _aيشتمل على إرجاعات ببليوجرافية. | ||
| 590 | _aأسماء. | ||
| 650 | 7 |
_aالسنة _xدفع مطاعن _2aucsh |
|
| 650 | 7 |
_aالحديث _xدفع مطاعن _2aucsh |
|
| 700 | 1 |
_aالأرناؤوط، شعيب، _d1928-2016 _eمحقق. |
|
| 942 |
_2ddc _cBOOK _n0 |
||
| 949 |
_aSA-JeALM _d241104 _ueid123 _n1 |
||
| 999 |
_c2032 _d2032 |
||